| 000 | 00459nam a2200181Ia 4500 | ||
|---|---|---|---|
| 001 | 1030 | ||
| 005 | 20260306140602.0 | ||
| 008 | 260306t2017||||xx |||||||||||||| ||spa|| | ||
| 041 | _aESP | ||
| 082 |
_a180 _bF39 |
||
| 100 |
_aFernández, Carolina Julieta _eAUT |
||
| 245 | 0 | _aCuestiones de metafísica y noética en la baja edad media | |
| 260 | _c2017 | ||
| 300 |
_a249 páginas : _c21 cm. |
||
| 650 | _aGEN | ||
| 654 | _aCHU | ||
| 942 |
_cLIB _dJUS _fJUS _2ddc _n |
||
| 999 |
_c1030 _d1030 |
||